Derecho privado. estudios y escritos de derecho patrimonial.parte general : Derecho de contratos / t. 3, vol. 4 :

Αποθηκεύτηκε σε:
Λεπτομέρειες βιβλιογραφικής εγγραφής
Κύριος συγγραφέας: Jaramillo Jaramillo, Carlos Ignacio (autor.)
Άλλοι συγγραφείς: Muñoz Laverde, Sergio (prologuista.)
Μορφή: Ηλ. βιβλίο
Γλώσσα:Ισπανικά
Έκδοση: Bogotá : Grupo Editorial Ibañez, 2025.
Σειρά:Colección estudios ; 3.
Θέματα:
Διαθέσιμο Online:https://elibro.unach.elogim.com/es/lc/unach/titulos/290186
Ετικέτες: Προσθήκη ετικέτας
Δεν υπάρχουν, Καταχωρήστε ετικέτα πρώτοι!

MARC

LEADER 00000nam a2200000 i 4500
001 ELB290186
003 FINmELB
005 20260122122620.0
006 m o u
007 cr cn|||||||||
008 260122s2025 ck ob 000 0 spa d
020 |z 9789585104884 
035 |a (OCoLC)1569876148 
040 |a FINmELB  |b spa  |e rda  |c FINmELB 
050 1 4 |a K623  |b J371 2025 
080 |a 347 
082 0 4 |a 346  |2 23 
100 1 |a Jaramillo Jaramillo, Carlos Ignacio,  |e autor. 
245 1 0 |a Derecho privado.  |n t. 3, vol. 4 :  |b estudios y escritos de derecho patrimonial.parte general : Derecho de contratos /  |c Carlos Ignacio Jaramillo J. ; proemio Sergio Muñoz Laverde. 
264 1 |a Bogotá :  |b Grupo Editorial Ibañez,  |c 2025. 
300 |a 1 recurso en línea (720 páginas) 
336 |a texto  |b txt  |2 rdamedia/spa 
337 |a computadora  |b c  |2 rdamedia/spa 
338 |a recurso en línea  |b cr  |2 rdacarrier/spa 
490 1 |a Colección estudios ;  |v 3 
504 |a Contiene bibliografía. 
588 |a Descripción basada en metadatos suministrados por el editor y otras fuentes. 
590 |a Recurso electrónico. Santa Fe, Arg.: elibro, 2026. Disponible vía World Wide Web. El acceso puede estar limitado para las bibliotecas afiliadas a elibro. 
650 4 |a Derecho civil. 
650 4 |a Contratos. 
655 4 |a Libros electrónicos. 
700 1 |a Muñoz Laverde, Sergio,  |e prologuista. 
797 2 |a elibro, Corp. 
830 0 |a Colección estudios ;  |v 3. 
856 4 0 |u https://elibro.unach.elogim.com/es/lc/unach/titulos/290186